000 01512nam0a2200385 4500
001 RU\NLR\bibl\1731484
005 20260406001059.0
010 _a978-5-88651-481-0
_9200
021 _aRU
_b2010-105629
_97136
035 _a(nilc)LIBNET\0000091582
035 _a(NLR Aleph) 001722432
090 _a1348254
_c1348254
100 _a20101215d2010 |||y0rusy50 ca
101 0 _arus
102 _aRU
105 _ay |||||||||
200 1 _aПарадокс правоблюстителя. Философско-правовые эссе
_fГ. Ч. Синченко
_gМ-во внутрен. дел Рос. Федерации, Ом. акад.
210 _aОмск
_cОмская академия МВД России
_d2010
215 _a203, [1] с.
_d21
320 _aБиблиогр. в подстроч. примеч. и в тексте
517 0 _aФилософско-правовые эссе
606 1 _aПраво
_xФилософские вопросы
_91953911
_3RU\NLR\auth\66893976
610 1 _aФилософия права
686 _a67.00
_vLBC/M
_2rubbk
686 _aЮ252
_bХ
686 _aХ.в
686 _aХ082.2,0
700 1 _4070
_8rus
_7ca
_aСинченко
_bГ. Ч.
_f1961-
_gГеоргий Чонгарович
_3RU\NLR\auth\77110629
_993554
801 0 _aRU
_bОмская ГОНБ
_c20101215
_grcr
801 1 _aRU
_bОмская ГОНБ
_c20101215
_grcr
_2rusmarc
801 2 _aRU
_bNLR
_c20110204
_grcr
942 _cBOOK
980 _aNB
980 _aNBR